Modern mathematical statistics / (Record no. 1572)

MARC details
000 -LEADER
fixed length control field 00969pam a2200265 a 4500
001 - CONTROL NUMBER
control field BD-DhSAU 1572
003 - CONTROL NUMBER IDENTIFIER
control field BD-DhSAU
005 - DATE AND TIME OF LATEST TRANSACTION
control field 20150118121411.0
008 - FIXED-LENGTH DATA ELEMENTS--GENERAL INFORMATION
fixed length control field 870515s1988 nyua b 001 0 eng
020 ## - INTERNATIONAL STANDARD BOOK NUMBER
International Standard Book Number 0471607169
040 ## - CATALOGING SOURCE
Original cataloging agency BD-DhSAU
082 00 - DEWEY DECIMAL CLASSIFICATION NUMBER
Classification number 519.5
Edition number 22
Item number DUB
100 1# - MAIN ENTRY--PERSONAL NAME
Personal name Dudewicz, Edward J.
245 10 - TITLE STATEMENT
Title Modern mathematical statistics /
Statement of responsibility, etc. Edward J. Dudewicz, Satya N. Mishra.
260 ## - PUBLICATION, DISTRIBUTION, ETC. (IMPRINT)
Place of publication, distribution, etc. New York :
Name of publisher, distributor, etc. Wiley ;
Date of publication, distribution, etc. c1988.
300 ## - PHYSICAL DESCRIPTION
Extent xix, 838 p. :
Other physical details ill. ;
Dimensions 24 cm.
440 #0 - SERIES STATEMENT/ADDED ENTRY--TITLE
Title Wiley series in probability and mathematical statistics.
Name of part/section of a work Probability and mathematical statistics,
International Standard Serial Number 0271-6232
504 ## - BIBLIOGRAPHY, ETC. NOTE
Bibliography, etc Includes bibliography and indexes.
590 ## - Name of Cataloguer
Name of Cataloger IMRAN
650 #0 - SUBJECT ADDED ENTRY--TOPICAL TERM
Topical term or geographic name as entry element Mathematical statistics.
650 #0 - SUBJECT ADDED ENTRY--TOPICAL TERM
Topical term or geographic name as entry element Statistics
700 1# - ADDED ENTRY--PERSONAL NAME
Personal name Mishra, Satya Narain.
856 42 - ELECTRONIC LOCATION AND ACCESS
Uniform Resource Identifier <a href="http://www.loc.gov/catdir/description/wiley031/87014279.html">http://www.loc.gov/catdir/description/wiley031/87014279.html</a>
856 4# - ELECTRONIC LOCATION AND ACCESS
Uniform Resource Identifier <a href="http://www.loc.gov/catdir/toc/onix01/87014279.html">http://www.loc.gov/catdir/toc/onix01/87014279.html</a>
942 ## - ADDED ENTRY ELEMENTS (KOHA)
Source of classification or shelving scheme Dewey Decimal Classification
Koha item type Book
Holdings
Withdrawn status Lost status Source of classification or shelving scheme Damaged status Not for loan Home library Branch Name Shelving location Date acquired Total Checkouts Full call number Barcode Date last seen Price effective from Koha item type Collection code
    Dewey Decimal Classification     SAU Library SAU Library General Stacks 21/06/1992   519.5 DUB 18545 18/01/2015 18/01/2015 Book  
    Dewey Decimal Classification     SAU Library SAU Library General Stacks 21/06/1992   519.5 DUB 18544 18/01/2015 18/01/2015 Book  
    Dewey Decimal Classification     SAU Library SAU Library General Stacks 21/06/1992   519.5 DUB 18543 20/01/2015 20/01/2015 Book  
    Dewey Decimal Classification     SAU Library SAU Library General Stacks 21/06/1992   519.5 DUB 18542 20/01/2015 20/01/2015 Book  
    Dewey Decimal Classification   Not For Loan SAU Library SAU Library Reference 21/06/1992   519.5 DUB 18541 02/05/2015 02/05/2015 Book Reference